02114cam a22003138a 45000010008000000030006000080050017000140080041000310200018000720350017000900390012001070400071001190410008001900490010001980500022002081000023002302450070002532600028003233000028003515000032003795040064004115201092004756500025015676500047015926500044016399420008016839520094016919990015017856710819CaAEU20250516101612.0090821r20101998enk 000 0 eng  a9781844674381 aocn317919614 aexclude aUKMbengcUKMdBTCTAdYDXCPdEUFdAMHdUKMGBdBDXdIBIdOCLCFdAEU aeng aCNKUC 4aCB251b.G584 2010 aGoody, Jack92525210aFood and loveb: a cultural history of East and WestcJack Goody. aLondon :bVerso,c2010. aix, 305 pages ;c24 cm. aOriginally published: 1998. aIncludes bibliographical references (p. 279-296) and index. aThe development of romantic love, the evolution of national and regional cuisines, the globalization of Chinese food, the histories of various taboos on certain types of food and drink, the uniqueness of the European family—such are the fascinating and diverse themes Goody addresses in Food and Love. Starting with a sustained discussion of the debates on social development in the thought of classic theorists as well as contemporary historical and sociological notions of modernization, Goody goes on to tease out the general historical processes embedded in the most intimate recesses of our lives. In a final bracing section challenging dominant relativist conceptions, Goody considers the difficulties and complexities of cross-cultural and comparative analysis, and he picks apart the doubts involved in the very process of representation and symbolic communication. Throughout this collection, Goody demonstrates that the ethnocentricity of much of Western scholarship has distorted not only the comprehension of the East but also developments in the European past and present. 0aEast and West925253 0aFood habitsvCross-cultural studies925254 0aFamiliesvCross-cultural studies925255 2lcc 00102lcc4070aTBSbTBSd2025-05-16l0oCB251 GOOpB05877r2025-05-16t1w2025-05-16y1 c4673d4673